[Event "EU-ch U18 Girls 30th"]
[Site "Antalya"]
[Date "2022.11.07"]
[Round "2"]
[White "Lordier, Sophia"]
[Black "Loskutova, Viktoriya"]
[Result "0-1"]
[WhiteElo "1865"]
[BlackElo "2076"]
[PlyCount "62"]
[EventDate "2022.11.06"]
[EventType "swiss"]
[EventRounds "9"]
[EventCountry "TUR"]
[SourceTitle "EXT 2024"]
[Source "ChessBase"]
[SourceDate "2023.10.10"]
[SourceVersion "1"]
[SourceVersionDate "2023.10.10"]
[SourceQuality "1"]

1. d4 Nf6 2. c4 e6 3. g3 d5 4. Nf3 Bb4+ 5. Bd2 Be7 6. Bg2 0-0 7. 0-0 Nbd7 8. Qc2 Ne4 9. Nc3 Nxd2 10. Nxd2 c6 11. e4 dxe4 12. Ndxe4 f5 13. Nd2 e5 14. d5 Qc7 15. a3 e4 16. b4 Bf6 17. dxc6 bxc6 18. Rad1 Ne5 19. Kh1 Ng4 20. Rde1 Bg5 21. Nd1 Rd8 22. Nb3 Ne5 23. Nc5 Qf7 24. Nb2 Rd2 25. Qc3 Qf6 26. Rd1 Nf3 27. Nca4 Qxc3 28. Nxc3 Ne5 29. h4 Rxd1 30. Rxd1 Be7 31. Bf1 Be6 0-1

[Event "FRA-ch U18 Girls"]
[Site "Agen"]
[Date "2022.04.22"]
[Round "7"]
[White "Lordier, Sophia"]
[Black "Atli, Celine"]
[Result "1-0"]
[WhiteElo "1706"]
[BlackElo "1470"]
[PlyCount "77"]
[EventDate "2022.04.16"]
[EventType "swiss"]
[EventRounds "9"]
[EventCountry "FRA"]
[SourceTitle "EXT 2023"]
[Source "ChessBase"]
[SourceDate "2022.10.05"]
[SourceVersion "1"]
[SourceVersionDate "2022.10.05"]
[SourceQuality "1"]

1. d4 d5 2. c4 e6 3. Nf3 Nf6 4. g3 dxc4 5. Bg2 Bd7 6. 0-0 Nc6 7. Qc2 Bd6 8. Qxc4 Qe7 9. Nc3 0-0-0 10. Nb5 h6 11. Nxd6+ Qxd6 12. Bf4 Qb4 13. Qc2 g5 14. Bd2 Qd6 15. e4 Ne8 16. d5 exd5 17. exd5 Ne7 18. Nd4 Nxd5 19. Rac1 Nb4 20. Qc4 Nc6 21. Nxc6 Bxc6 22. Bb4 Qe6 23. Qxe6+ fxe6 24. Bxc6 bxc6 25. Rxc6 Nd6 26. Rfc1 Kb8 27. Rxc7 Nf5 28. R7c4 Rc8 29. Bc5 Ka8 30. Re4 Rc6 31. b4 Rhc8 32. Rce1 Re8 33. Re5 Ng7 34. Rd1 Ra6 35. Re2 Nf5 36. Rd7 e5 37. Rf7 Nd6 38. Rf6 Rd8 39. b5 1-0

[Event "FRA-ch U18 Girls"]
[Site "Agen"]
[Date "2022.04.20"]
[Round "5"]
[White "Lordier, Sophia"]
[Black "Tomasi, Elise"]
[Result "0-1"]
[WhiteElo "1706"]
[BlackElo "2000"]
[PlyCount "112"]
[EventDate "2022.04.16"]
[EventType "swiss"]
[EventRounds "9"]
[EventCountry "FRA"]
[SourceTitle "EXT 2023"]
[Source "ChessBase"]
[SourceDate "2022.10.05"]
[SourceVersion "1"]
[SourceVersionDate "2022.10.05"]
[SourceQuality "1"]

1. d4 d5 2. Bf4 e6 3. Nf3 Bd6 4. e3 Nf6 5. Nbd2 0-0 6. Bd3 c5 7. c3 b6 8. Qe2 Bb7 9. Ne5 Qc7 10. Qf3 Nbd7 11. Nxd7 Nxd7 12. Qh3 g6 13. Bh6 Rfe8 14. 0-0 e5 15. dxe5 Nxe5 16. Bb5 Bc8 17. Qh4 Bd7 18. Bxd7 Nxd7 19. Rae1 f5 20. c4 Ne5 21. cxd5 Ng4 22. Nf3 Re4 23. Qh3 Rae8 24. Rd1 b5 25. Bg5 Kg7 26. g3 h6 27. Bf4 Bxf4 28. gxf4 Rd8 29. Qg3 Rd6 30. h3 Nf6 31. Ne5 Nd7 32. Rd2 Qd8 33. Rfd1 Qe8 34. Nc6 Nf6 35. Ne5 Nd7 36. Nxd7 Qxd7 37. Kf1 b4 38. Qf3 Kf6 39. Qe2 g5 40. Qh5 Qg7 41. fxg5+ hxg5 42. Rc1 c4 43. Qf3 g4 44. hxg4 Rxg4 45. Ke2 Qc7 46. Rdc2 Qc5 47. Rd1 Qb5 48. Qh3 c3+ 49. Kf3 Qc4 50. Qh6+ Ke7 51. Qh7+ Ke8 52. Qxf5 Rf6 53. Qxf6 Qe4+ 54. Ke2 Qxc2+ 55. Rd2 Qxd2+ 56. Kf3 Qd1# 0-1

[Event "FRA-ch U14 Girls"]
[Site "Hyeres"]
[Date "2019.04.15"]
[Round "3"]
[White "Sumarriva Paulin, Laura"]
[Black "Lordier, Sophia"]
[Result "1/2-1/2"]
[WhiteElo "1922"]
[BlackElo "1553"]
[PlyCount "110"]
[EventDate "2019.04.14"]
[EventType "swiss"]
[EventRounds "9"]
[EventCountry "FRA"]
[SourceTitle "CBM 190 Extra"]
[Source "ChessBase"]
[SourceDate "2019.07.15"]
[SourceVersion "1"]
[SourceVersionDate "2019.07.15"]
[SourceQuality "1"]

1. d4 d5 2. c4 e6 3. Nc3 Nf6 4. cxd5 exd5 5. Bg5 Be7 6. e3 0-0 7. Bd3 Nbd7 8. Nf3 b6 9. 0-0 Bb7 10. Rc1 a6 11. Qc2 c5 12. Bf5 h6 13. Bh4 Re8 14. Na4 cxd4 15. Nxd4 Rc8 16. Qb3 b5 17. Bxf6 Rxc1 18. Rxc1 Nxf6 19. Nc5 Bxc5 20. Rxc5 g6 21. Bh3 Ne4 22. Rc1 Ng5 23. Bg4 h5 24. Bf3 Nxf3+ 25. Nxf3 Qb6 26. h3 Re7 27. Qc3 Re8 28. Qd2 Qf6 29. Rc7 Re7 30. Rc5 Qf5 31. Qc1 Qd7 32. Nd4 Qd6 33. b4 Qb6 34. a3 Rd7 35. Qc3 Re7 36. Nc6 Bxc6 37. Rxc6 d4 38. exd4 Qa7 39. d5 Re8 40. Rc8 Qd7 41. Rxe8+ Qxe8 42. d6 Qe6 43. Qc7 Qe1+ 44. Kh2 Qe5+ 45. g3 Qf5 46. Qc5 Qd3 47. Qc8+ Kg7 48. d7 Qd2 49. Kg1 Qd1+ 50. Kh2 Qd2 51. Kg2 Qd5+ 52. Kf1 Qd1+ 53. Kg2 Qd5+ 54. Kh2 Qd2 55. Kg1 Qd1+ 1/2-1/2